000 00578nam a2200193Ia 4500
005 20250326144631.0
008 250326s9999 xx 000 0 und d
020 _a978-0-07-062023-0
037 _aAnnuals, Advances
040 _aFMSL
_beng
_cFMSL
041 _aeng
_2eng
084 _aX:8F M4;P7;1
_qFMSL
100 _aKhan M Y
245 0 _aManagement accounting text, problems and cases
_cKhan M Y; Jain P K
250 _a4
260 _aNew Delhi
_bNew Delhi, Tata McGraw -Hill
_c2007
942 _cTB
_hX:8F M4;P7;1
999 _c1304407
_d1304407